000 00333nam a2200121Ia 4500
008 190216s9999||||xx |||||||||||||| ||und||
100 _aPuri B.R & Sharma.L.R
245 0 _aPrinciples Of Inorganic Chemistry
260 _bShobhan Lal Nagin Chand & Co
_c1986
300 _a1196
650 _aChemistry-Chemistry
942 _cBK
999 _c2859
_d2859